[Event "Madrid-ch Previa A"]
[Site "Madrid"]
[Date "2023.02.08"]
[Round "3.37"]
[White "Gomez Prieto, Alonso"]
[Black "Martinez Miura, Enrique"]
[Result "0-1"]
[WhiteElo "1308"]
[BlackElo "1494"]
[PlyCount "58"]
[EventDate "2023.02.06"]
[EventType "swiss"]
[EventRounds "9"]
[EventCountry "ESP"]
[SourceTitle "EXT 2024"]
[Source "ChessBase"]
[SourceDate "2023.10.10"]
[SourceVersion "1"]
[SourceVersionDate "2023.10.10"]
[SourceQuality "1"]

1. e4 e6 2. d4 d5 3. exd5 exd5 4. Nc3 Nf6 5. Bg5 c6 6. Nf3 Bd6 7. Bd3 0-0 8. Qd2 Re8+ 9. Ne2 h6 10. Bh4 Nbd7 11. 0-0 Qb6 12. c3 Ne4 13. Qc2 Nf8 14. Ng3 Nxg3 15. Bxg3 Bxg3 16. fxg3 Bd7 17. Ne5 Rxe5 18. Qf2 Re7 19. Rae1 Rae8 20. Re5 f6 21. Rh5 Bg4 22. Rh4 Be2 23. Bxe2 Rxe2 24. Qf5 Qxb2 25. Qg4 Rxg2+ 26. Kh1 Qe2 27. Rxf6 Qxg4 28. Rxg4 Rxa2 29. Rxh6 Re1# 0-1

[Event "Madrid-ch Previa A"]
[Site "Madrid"]
[Date "2023.02.07"]
[Round "2.34"]
[White "Ramos Antona, Enrique"]
[Black "Gomez Prieto, Alonso"]
[Result "1-0"]
[WhiteElo "1565"]
[BlackElo "1308"]
[PlyCount "73"]
[EventDate "2023.02.06"]
[EventType "swiss"]
[EventRounds "9"]
[EventCountry "ESP"]
[SourceTitle "EXT 2024"]
[Source "ChessBase"]
[SourceDate "2023.10.10"]
[SourceVersion "1"]
[SourceVersionDate "2023.10.10"]
[SourceQuality "1"]

1. d4 d5 2. c4 c6 3. Nf3 Bf5 4. g3 e6 5. Bg2 Bd6 6. 0-0 Nf6 7. Nc3 Nbd7 8. cxd5 Nxd5 9. Re1 N7f6 10. Nh4 Bg6 11. Bg5 Qb6 12. Nxg6 hxg6 13. Na4 Qc7 14. e4 Ng4 15. Qxg4 f5 16. exf5 gxf5 17. Qxf5 Ne7 18. Qxe6 Rf8 19. Nc5 Rd8 20. Qe4 Bxc5 21. dxc5 Rf7 22. Rad1 Rxd1 23. Rxd1 Qa5 24. Re1 Qxc5 25. Bf3 Qxg5 26. h4 Qh6 27. Kg2 Kf8 28. Qe6 Qd2 29. Re2 Qd8 30. Qe3 Nd5 31. Qxa7 b6 32. Qa3+ Kg8 33. Bxd5 Qxd5+ 34. f3 b5 35. Qb3 Qd7 36. Qe6 Qd1 37. Rf2 1-0